[Event "FIDE World Chess Cup"]

[Date "2015.09.13"]
[Round "7"]
[White "Grachev, Boris"]
[Black "Motylev, Alexander"]
[Result "1/2-1/2"]
[Board "61"]
[WhiteTitle "GM"]
[WhiteElo "2649"]
[WhiteCountry "RUS"]
[WhiteFideId "4129199"]
[BlackTitle "GM"]
[BlackElo "2649"]
[BlackCountry "RUS"]
[BlackFideId "4121830"]

1. d4 {[%clk 0:05:04]} Nf6 {[%clk 0:05:05]} 2. Nf3 {[%clk 0:05:05]} d5 {[%clk
0:05:07]} 3. c4 {[%clk 0:05:03]} e6 {[%clk 0:05:08]} 4. g3 {[%clk 0:05:05]} Bb4+
{[%clk 0:05:09]} 5. Bd2 {[%clk 0:05:04]} Be7 {[%clk 0:05:11]} 6. Bg2 {[%clk
0:05:03]} O-O {[%clk 0:05:09]} 7. Qc2 {[%clk 0:04:44]} c6 {[%clk 0:05:02]} 8. O-O
{[%clk 0:04:42]} Nbd7 {[%clk 0:04:55]} 9. Rd1 {[%clk 0:04:23]} b6 {[%clk
0:04:56]} 10. Bf4 {[%clk 0:04:17]} Ba6 {[%clk 0:04:51]} 11. Nbd2 {[%clk 0:04:07]}
Rc8 {[%clk 0:03:47]} 12. e4 {[%clk 0:03:40]} Nxe4 {[%clk 0:02:46]} 13. Nxe4
{[%clk 0:03:35]} dxe4 {[%clk 0:02:48]} 14. Ne5 {[%clk 0:03:36]} g5 {[%clk
0:02:20]} 15. Be3 {[%clk 0:01:23]} f5 {[%clk 0:02:21]} 16. Qa4 {[%clk 0:01:15]}
Nb8 {[%clk 0:01:44]} 17. Qb3 {[%clk 0:01:17]} Bf6 {[%clk 0:01:33]} 18. f3 {[%clk
0:00:48]} exf3 {[%clk 0:01:31]} 19. Bxf3 {[%clk 0:00:50]} Qe7 {[%clk 0:01:12]}
20. Re1 {[%clk 0:00:24]} c5 {[%clk 0:01:04]} 21. Bf2 {[%clk 0:00:22]} cxd4 {[%clk
0:01:02]} 22. Bxd4 {[%clk 0:00:14]} Bxc4 {[%clk 0:00:46]} 23. Qe3 {[%clk
0:00:13]} Ba6 {[%clk 0:00:36]} 24. Rad1 {[%clk 0:00:11]} Bb7 {[%clk 0:00:35]} 25.
Bc3 {[%clk 0:00:10]} Bxf3 {[%clk 0:00:35]} 26. Qxf3 {[%clk 0:00:07]} Rfd8 {[%clk
0:00:28]} 27. Qe3 {[%clk 0:00:06]} Rxd1 {[%clk 0:00:23]} 28. Rxd1 {[%clk
0:00:09]} Rd8 {[%clk 0:00:15]} 29. Rxd8+ {[%clk 0:00:06]} Qxd8 {[%clk 0:00:17]}
30. Nf3 {[%clk 0:00:11]} Qd1+ {[%clk 0:00:08]} 31. Kf2 {[%clk 0:00:07]} Qc2+
{[%clk 0:00:10]} 32. Kg1 {[%clk 0:00:07]} Qe4 {[%clk 0:00:08]} 33. Qxe4 {[%clk
0:00:05]} fxe4 {[%clk 0:00:10]} 34. Bxf6 {[%clk 0:00:08]} exf3 {[%clk 0:00:12]}
35. Bxg5 {[%clk 0:00:06]} Nc6 {[%clk 0:00:12]} 36. Kf2 {[%clk 0:00:06]} Nb4
{[%clk 0:00:12]} 37. Kxf3 {[%clk 0:00:06]} Nxa2 {[%clk 0:00:19]} 38. Bd2 {[%clk
0:00:08]} a5 {[%clk 0:00:21]} 39. Ke4 {[%clk 0:00:10]} Kf7 {[%clk 0:00:18]} 40.
Ke5 {[%clk 0:00:12]} h5 {[%clk 0:00:15]} 41. h3 {[%clk 0:00:14]} Ke7 {[%clk
0:00:17]} 42. g4 {[%clk 0:00:10]} hxg4 {[%clk 0:00:19]} 43. hxg4 {[%clk 0:00:13]}
Kf7 {[%clk 0:00:14]} 44. g5 {[%clk 0:00:09]} a4 {[%clk 0:00:17]} 45. Kd6 {[%clk
0:00:07]} b5 {[%clk 0:00:14]} 46. Kc5 {[%clk 0:00:09]} b4 {[%clk 0:00:17]} 47.
Bxb4 {[%clk 0:00:07]} Nxb4 {[%clk 0:00:18]} 48. Kxb4 {[%clk 0:00:09]} Kg6 {[%clk
0:00:21]} 49. Kxa4 {[%clk 0:00:10]} Kxg5 {[%clk 0:00:21]} 50. b4 {[%clk 0:00:06]}
e5 {[%clk 0:00:19]} 51. b5 {[%clk 0:00:05]} e4 {[%clk 0:00:23]} 52. b6 {[%clk
0:00:07]} e3 {[%clk 0:00:26]} 53. b7 {[%clk 0:00:09]} e2 {[%clk 0:00:28]} 54. b8Q
{[%clk 0:00:10]} e1Q {[%clk 0:00:29]} 1/2-1/2

[Event "FIDE World Chess Cup"]

[Date "2015.09.13"]
[Round "4"]
[White "Gelfand, Boris"]
[Black "Henriquez Villagra, Cristobal"]
[Result "0-1"]
[Board "13"]
[WhiteTitle "GM"]
[WhiteElo "2741"]
[WhiteCountry "ISR"]
[WhiteFideId "2805677"]
[WhiteEloChange "-8"]
[BlackTitle "IM"]
[BlackElo "2511"]
[BlackCountry "CHI"]
[BlackFideId "3409350"]
[BlackEloChange "8"]

1. d4 {[%clk 0:25:19]} d5 {[%clk 0:25:19]} 2. c4 {[%clk 0:25:28]} c6 {[%clk
0:25:28]} 3. Nf3 {[%clk 0:25:36]} Nf6 {[%clk 0:25:34]} 4. e3 {[%clk 0:25:45]} Bg4
{[%clk 0:25:42]} 5. h3 {[%clk 0:25:54]} Bxf3 {[%clk 0:25:51]} 6. Qxf3 {[%clk
0:26:03]} e6 {[%clk 0:25:57]} 7. Bd3 {[%clk 0:26:11]} Bb4+ {[%clk 0:25:11]} 8.
Nc3 {[%clk 0:26:20]} Nbd7 {[%clk 0:25:16]} 9. a3 {[%clk 0:26:29]} Bxc3+ {[%clk
0:25:06]} 10. bxc3 {[%clk 0:26:38]} O-O {[%clk 0:25:13]} 11. O-O {[%clk 0:26:43]}
Qa5 {[%clk 0:25:19]} 12. Bd2 {[%clk 0:23:40]} e5 {[%clk 0:25:00]} 13. cxd5 {[%clk
0:22:18]} cxd5 {[%clk 0:25:09]} 14. Qd1 {[%clk 0:22:25]} Qc7 {[%clk 0:22:35]} 15.
Qb3 {[%clk 0:21:04]} e4 {[%clk 0:22:13]} 16. Be2 {[%clk 0:21:12]} Nb6 {[%clk
0:21:37]} 17. Rfb1 {[%clk 0:21:15]} Rab8 {[%clk 0:20:30]} 18. a4 {[%clk 0:21:14]}
Nc4 {[%clk 0:19:38]} 19. Be1 {[%clk 0:21:22]} Rfc8 {[%clk 0:19:34]} 20. Qa2
{[%clk 0:21:14]} b6 {[%clk 0:19:37]} 21. Rb4 {[%clk 0:20:44]} Qc6 {[%clk
0:18:32]} 22. Rab1 {[%clk 0:20:20]} Ne8 {[%clk 0:17:51]} 23. Bxc4 {[%clk
0:11:24]} dxc4 {[%clk 0:18:00]} 24. f3 {[%clk 0:09:29]} exf3 {[%clk 0:17:26]} 25.
Bg3 {[%clk 0:09:38]} Rb7 {[%clk 0:17:29]} 26. Be5 {[%clk 0:08:05]} Re7 {[%clk
0:13:22]} 27. a5 {[%clk 0:07:27]} bxa5 {[%clk 0:13:10]} 28. Rb5 {[%clk 0:07:23]}
Qg6 {[%clk 0:12:34]} 29. Rxa5 {[%clk 0:06:09]} Qd3 {[%clk 0:10:20]} 30. Ra3
{[%clk 0:03:36]} f6 {[%clk 0:10:21]} 31. Bf4 {[%clk 0:02:40]} g5 {[%clk 0:10:28]}
32. Bg3 {[%clk 0:02:42]} Rxe3 {[%clk 0:10:37]} 33. Re1 {[%clk 0:02:15]} Re2
{[%clk 0:10:20]} 34. Rxe2 {[%clk 0:02:16]} fxe2 {[%clk 0:10:29]} 35. Bf2 {[%clk
0:01:45]} Qd1+ {[%clk 0:09:50]} 36. Kh2 {[%clk 0:01:54]} Qf1 {[%clk 0:09:35]} 37.
Bg3 {[%clk 0:01:22]} e1Q {[%clk 0:09:07]} 38. Bxe1 {[%clk 0:01:30]} Qxe1 {[%clk
0:09:15]} 39. Rxa7 {[%clk 0:01:34]} Qe6 {[%clk 0:08:17]} 40. Qb1 {[%clk 0:01:08]}
Rc7 {[%clk 0:07:59]} 41. Ra8 {[%clk 0:00:52]} Re7 {[%clk 0:07:58]} 42. Qb4 {[%clk
0:00:42]} Kg7 {[%clk 0:08:06]} 43. Rd8 {[%clk 0:00:50]} Qe3 {[%clk 0:07:58]} 0-1

[Event "FIDE World Chess Cup"]

[Date "2015.09.11"]
[Round "1"]
[White "Kamsky, Gata"]
[Black "Melkumyan, Hrant"]
[Result "0-1"]
[Board "47"]
[WhiteTitle "GM"]
[WhiteElo "2691"]
[WhiteCountry "USA"]
[WhiteFideId "2000024"]
[WhiteEloChange "-6"]
[BlackTitle "GM"]
[BlackElo "2622"]
[BlackCountry "ARM"]
[BlackFideId "13302485"]
[BlackEloChange "6"]

1. e4 {[%clk 1:30:51]} e5 {[%clk 1:30:45]} 2. Nf3 {[%clk 1:31:16]} Nc6 {[%clk
1:30:58]} 3. Bb5 {[%clk 1:31:40]} Nf6 {[%clk 1:31:07]} 4. O-O {[%clk 1:29:04]}
Nxe4 {[%clk 1:31:22]} 5. d4 {[%clk 1:29:31]} Nd6 {[%clk 1:31:38]} 6. Bxc6 {[%clk
1:29:56]} dxc6 {[%clk 1:31:56]} 7. dxe5 {[%clk 1:30:24]} Nf5 {[%clk 1:32:15]} 8.
Qxd8+ {[%clk 1:30:50]} Kxd8 {[%clk 1:32:33]} 9. Rd1+ {[%clk 1:30:29]} Ke8 {[%clk
1:32:52]} 10. h3 {[%clk 1:30:35]} Ne7 {[%clk 1:33:11]} 11. Bf4 {[%clk 1:31:00]}
Nd5 {[%clk 1:33:29]} 12. Bh2 {[%clk 1:29:17]} Bf5 {[%clk 1:33:38]} 13. c3 {[%clk
1:26:33]} Rd8 {[%clk 1:33:55]} 14. Nbd2 {[%clk 1:24:42]} c5 {[%clk 1:33:13]} 15.
Re1 {[%clk 1:19:29]} Be7 {[%clk 1:22:20]} 16. Ne4 {[%clk 1:19:50]} Be6 {[%clk
1:09:19]} 17. Nfg5 {[%clk 1:14:43]} Kd7 {[%clk 0:54:59]} 18. Rad1 {[%clk
0:42:45]} Kc6 {[%clk 0:54:56]} 19. g4 {[%clk 0:35:29]} h6 {[%clk 0:48:25]} 20.
Nxe6 {[%clk 0:35:53]} fxe6 {[%clk 0:48:43]} 21. Bg3 {[%clk 0:36:07]} b5 {[%clk
0:47:31]} 22. Kg2 {[%clk 0:33:00]} a5 {[%clk 0:46:51]} 23. Rd2 {[%clk 0:29:04]}
Nb6 {[%clk 0:42:22]} 24. Rde2 {[%clk 0:25:38]} c4 {[%clk 0:35:27]} 25. f4 {[%clk
0:25:47]} g6 {[%clk 0:34:59]} 26. Nd2 {[%clk 0:21:44]} Rd3 {[%clk 0:29:14]} 27.
Ne4 {[%clk 0:18:06]} b4 {[%clk 0:26:57]} 28. Rc1 {[%clk 0:12:50]} b3 {[%clk
0:24:16]} 29. Ra1 {[%clk 0:13:09]} a4 {[%clk 0:20:27]} 30. a3 {[%clk 0:09:35]}
Nd5 {[%clk 0:17:50]} 31. Rae1 {[%clk 0:08:06]} Bc5 {[%clk 0:16:14]} 32. Nf6
{[%clk 0:03:19]} Ne3+ {[%clk 0:14:46]} 33. Kh2 {[%clk 0:03:36]} Nc2 {[%clk
0:11:33]} 34. Rf1 {[%clk 0:03:25]} Rhd8 {[%clk 0:11:48]} 35. Ne4 {[%clk 0:03:41]}
Bxa3 {[%clk 0:08:29]} 36. bxa3 {[%clk 0:03:56]} Rd1 {[%clk 0:08:49]} 37. Rxd1
{[%clk 0:00:54]} Rxd1 {[%clk 0:09:11]} 38. f5 {[%clk 0:00:51]} gxf5 {[%clk
0:09:18]} 39. gxf5 {[%clk 0:01:15]} b2 {[%clk 0:08:42]} 40. Nd2 {[%clk 0:31:37]}
Rxd2 {[%clk 0:37:00]} 41. Rxd2 {[%clk 0:32:03]} b1Q {[%clk 0:36:00]} 42. f6
{[%clk 0:31:45]} Ne1 {[%clk 0:32:24]} 43. f7 {[%clk 0:31:09]} Nf3+ {[%clk
0:32:15]} 44. Kg2 {[%clk 0:31:36]} Qf5 {[%clk 0:32:16]} 45. Rf2 {[%clk 0:32:02]}
Qxf7 {[%clk 0:32:39]} 46. Rxf3 {[%clk 0:32:29]} Qe7 {[%clk 0:32:59]} 47. Rf6
{[%clk 0:30:54]} Kd5 {[%clk 0:33:10]} 0-1